=LDR 00000nam 2200000 4500 =001 INLIS000000000039684 =005 20130612145309 =008 ***********************************ind** =035 ##$$0010-061300000039684 =041 ##$$a ind =082 ##$$a 646.7 =090 ##$$a 646.7 , Bam, d =100 ##$$a Bambang =245 ##$$a Famili Discovery Way , Panduan manajemen keluarga berkwlitas , Bambang =260 ##$$a 2009 $b Jakarta =300 ##$$a 158 hlm., Illus , 28 cm =650 ##$$a MANAJEMEN KEHIDUPAN KELUARGA =700 ##$$a Syumanjaya, Hanny =850 ##$$a NBPNMAT